Photos of Ghosts (Lp Dzsln 55661) (Record n. 102081)

Dettagli MARC
000 -LEADER
fixed length control field 01159njm a2200313Ia 4500
001 - CONTROL NUMBER
control field 21054
003 - CONTROL NUMBER IDENTIFIER
control field IT-RoPAU
005 - DATE AND TIME OF LATEST TRANSACTION
control field 20220918181150.0
008 - FIXED-LENGTH DATA ELEMENTS--GENERAL INFORMATION
fixed length control field 131025s9999 xx 000 0 und d
040 ## - CATALOGING SOURCE
Original cataloging agency IT-RoPAU
040 ## - CATALOGING SOURCE
Transcribing agency IT-RoPAU
041 ## - LANGUAGE CODE
Language code of text/sound track or separate title ITALIANO
999 ## - SYSTEM CONTROL NUMBERS (KOHA)
Koha Dewey Subclass [OBSOLETE] n.d.
100 ## - MAIN ENTRY--PERSONAL NAME
Personal name Mussida Franco
9 (RLIN) 4643
100 ## - MAIN ENTRY--PERSONAL NAME
Relator term Autore musica
9 (RLIN) 4644
100 ## - MAIN ENTRY--PERSONAL NAME
Miscellaneous information Codice autore musica SPICS: 20348
9 (RLIN) 4645
245 ## - TITLE STATEMENT
Title Photos of Ghosts (Lp Dzsln 55661)
250 ## - EDITION STATEMENT
Edition statement 1a ed.
260 ## - PUBLICATION, DISTRIBUTION, ETC. (IMPRINT)
Place of publication, distribution, etc. MILANO
260 ## - PUBLICATION, DISTRIBUTION, ETC. (IMPRINT)
Name of publisher, distributor, etc. NUMERO UNO
Date of publication, distribution, etc. 1973 [1a Ed.:1973 - Ed. Lingua Orig.: 1973]
300 ## - PHYSICAL DESCRIPTION
Extent DISCO
500 ## - GENERAL NOTE
General note Pop italiano. Canzone italiana.
505 ## - FORMATTED CONTENTS NOTE
Formatted contents note River of Life - Celebration - Photos of Ghosts - Promenade the Puzzle - Mr. 9 'Till 5 - Il banchetto - Old Rain
650 ## - SUBJECT ADDED ENTRY--TOPICAL TERM
Topical term or geographic name as entry element CANZONE ITALIAN [DISCHI]
Relator term Codice MATERIA SPICS: 9950
9 (RLIN) 4646
700 ## - ADDED ENTRY--PERSONAL NAME
Personal name Premiata Forneria Marconi
Miscellaneous information Codice interprete SPICS: 11070
Relator term Interprete
9 (RLIN) 4647
700 ## - ADDED ENTRY--PERSONAL NAME
Personal name Premoli Flavio
Relator term Autore
Miscellaneous information Codice autore SPICS: 1202
Name of part/section of a work Il banchetto - Old Rain
9 (RLIN) 4648
700 ## - ADDED ENTRY--PERSONAL NAME
Personal name Sinfield Peter
Relator term Autore testo e musica
Miscellaneous information Codice autore testo/musica SPICS: 22914
9 (RLIN) 4649
942 ## - ADDED ENTRY ELEMENTS (KOHA)
Koha item type DISCHI
Source of classification or shelving scheme Dewey Decimal Classification
Dati di copia
Withdrawn status Lost status Damaged status Not for loan Home library Current library Date acquired Total Checkouts Full call number Date last seen Price effective from Koha item type Public note
    Buone Condizioni Not For Loan SPICS-MEDIATECA SPICS-MEDIATECA 25/10/2013   21054 25/10/2013 25/10/2013 DISCHI Progr. Ins.: 4356 / N.Vol.: 1 / Copie: 1 - Copia rara: n.d. / date import: 01.01.2014 - By Epidotti, Trombetti, Vaglietti
CREDITS: SOCIETA' SAN PAOLO Via A.Severo, 58 - ROMA (RM) & PERIODICI SAN PAOLO SRL Via Giotto, 36 MILANO & CISF Via Giotto, 36 MILANO & EDIZIONI SAN PAOLO SRL,  Piazza Soncino, 5 CINISELLO BALSAMO (MI) -- ITALY